[Event "Suwalki op"]
[Site "Suwalki"]
[Date "2015.06.29"]
[Round "1"]
[White "Wisniewski, Jaroslaw"]
[Black "Kutylo, Konrad"]
[Result "1-0"]
[WhiteElo "1902"]
[BlackElo "1277"]
[PlyCount "51"]
[EventDate "2015.06.29"]
[EventType "swiss"]
[EventRounds "9"]
[EventCountry "POL"]
[SourceTitle "EXT 2017"]
[Source "ChessBase"]
[SourceDate "2016.10.25"]
[SourceVersion "1"]
[SourceVersionDate "2016.10.25"]
[SourceQuality "1"]

1. d4 d5 2. e4 c6 3. Nc3 e6 4. Nf3 Bb4 5. Bd3 Ne7 6. 0-0 h6 7. Ne5 0-0 8. Qg4 f5 9. exf5 exf5 10. Qg3 Qd6 11. Ne2 Qf6 12. h4 Bd6 13. Bf4 Qe6 14. Rae1 Nd7 15. Nxc6 Nxc6 16. Bxd6 Rf6 17. Ba3 Qf7 18. c3 Nb6 19. b3 Be6 20. Nf4 Re8 21. Bd6 Kh7 22. Be5 Rg6 23. Qxg6+ Qxg6 24. Nxg6 Kxg6 25. Bc7 Kh7 26. g4 1-0

[Event "POL-chT4 Kujawsko Pomorskie 1011"]
[Site "Poland"]
[Date "2011.01.09"]
[Round "4.36"]
[White "Wisniewski, Jaroslaw"]
[Black "Bieganski, Zdzislaw"]
[Result "1/2-1/2"]
[WhiteElo "1936"]
[BlackElo "1905"]
[PlyCount "97"]
[EventDate "2010.11.07"]
[EventType "team-swiss"]
[EventRounds "10"]
[EventCountry "POL"]
[SourceTitle "EXT 2019"]
[Source "ChessBase"]
[SourceDate "2018.10.10"]
[SourceVersion "1"]
[SourceVersionDate "2018.10.10"]
[SourceQuality "1"]

1. e4 e6 2. f4 d5 3. e5 c5 4. Nf3 Nc6 5. Bb5 Nge7 6. Nc3 a6 7. Bxc6+ Nxc6 8. 0-0 Be7 9. d3 0-0 10. Ne2 Qc7 11. c3 b5 12. d4 Bb7 13. Be3 cxd4 14. Nexd4 Nxd4 15. Bxd4 Rac8 16. a3 Qc4 17. Nd2 Qc7 18. b4 Bd8 19. f5 exf5 20. Rxf5 Qd7 21. Qc2 Rc6 22. Nb3 g6 23. Rf2 Qg4 24. Raf1 Qe4 25. Qd2 Qh4 26. g3 Qe7 27. Qh6 Bc8 28. e6 f5 29. Nc5 Bb6 30. g4 Bxe6 31. Nxe6 Rxe6 32. gxf5 Bxd4 33. cxd4 gxf5 34. Rg2+ Kh8 35. Qh3 Re2 36. Kh1 Rxg2 37. Qxg2 Qe4 38. Rf3 Rg8 39. Qf2 Rg4 40. h3 Rf4 41. Kg2 Qxf3+ 42. Qxf3 Rxf3 43. Kxf3 Kg7 44. Kf4 Kf6 45. h4 h6 46. Ke3 Kg6 47. Kf4 Kf6 48. Kf3 Ke6 49. Kg3 1/2-1/2

[Event "POL-chT Region 0607"]
[Site "Poland"]
[Date "2007.02.18"]
[Round "8"]
[White "Wisniewski, Jaroslaw"]
[Black "Dahm, Mikolaj"]
[Result "1-0"]
[WhiteElo "2000"]
[BlackElo "2036"]
[PlyCount "85"]
[EventDate "2006.11.12"]
[EventType "team"]
[EventRounds "11"]
[EventCountry "POL"]
[SourceTitle "EXT 2008"]
[Source "ChessBase"]
[SourceDate "2007.11.25"]
[SourceVersion "1"]
[SourceVersionDate "2007.11.25"]
[SourceQuality "1"]

1. e4 c5 2. Nc3 Nc6 3. f4 a6 4. Nf3 d6 5. Bc4 b5 6. Bd5 Bd7 7. d3 e6 8. Bxc6 Bxc6 9. 0-0 Be7 10. Ne2 h5 11. Ng5 Nf6 12. h3 h4 13. b3 Nh5 14. Nf3 d5 15. e5 d4 16. Bd2 b4 17. Kh2 Ng3 18. Nxg3 hxg3+ 19. Kxg3 Bh4+ 20. Kh2 Qd5 21. Qe2 Qd8 22. a3 a5 23. axb4 axb4 24. Rxa8 Qxa8 25. Be1 Bxe1 26. Qxe1 Bd5 27. Qg3 Kf8 28. Nh4 Qd8 29. Nf3 Qa8 30. Qf2 Qa2 31. Ng5 f6 32. exf6 gxf6 33. f5 e5 34. Ne6+ Bxe6 35. fxe6 Rh6 36. Qg3 Qxc2 37. Qxe5 Ke7 38. Qd5 Rxh3+ 39. Kxh3 Qxd3+ 40. Kh2 Qb5 41. Ra1 d3 42. Ra7+ Ke8 43. Qa8+ 1-0

[Event "POL-chT Region 0607"]
[Site "Poland"]
[Date "2006.11.26"]
[Round "3"]
[White "Lewandowski, Marek"]
[Black "Wisniewski, Jaroslaw"]
[Result "1-0"]
[WhiteElo "1914"]
[BlackElo "2000"]
[PlyCount "35"]
[EventDate "2006.11.12"]
[EventType "team"]
[EventRounds "11"]
[EventCountry "POL"]
[SourceTitle "EXT 2008"]
[Source "ChessBase"]
[SourceDate "2007.11.25"]
[SourceVersion "1"]
[SourceVersionDate "2007.11.25"]
[SourceQuality "1"]

1. e4 Nf6 2. Nc3 e6 3. d4 Bb4 4. Bg5 h6 5. Bxf6 Qxf6 6. Nf3 b6 7. e5 Qe7 8. a3 Bxc3+ 9. bxc3 Bb7 10. Bd3 d6 11. 0-0 Nd7 12. Qe2 Bxf3 13. Qxf3 dxe5 14. Qxa8+ Qd8 15. Qxd8+ Kxd8 16. Bb5 exd4 17. Bxd7 Kxd7 18. cxd4 1-0